| 000 | 00337 a2200121 4500 | ||
|---|---|---|---|
| 090 |
_c6163 _d6163 |
||
| 100 | _aRabbani, Ikram M. | ||
| 245 |
_aIntroduction to Pakistan studies _cM. Ikram Rabbani |
||
| 260 |
_aLahore: _bCarvan Book House, _c2005. |
||
| 300 |
_axvi, 380 p. ; _c24 cm. |
||
| 650 | _aPakistan studies | ||
| 942 |
_cBK _k954.91005 RAB |
||
| 999 |
_c9996 _d9996 |
||